000 00461nam a2200145Ia 4500
008 220216s9999 xx 000 0 und d
100 _aChattaraj P P
245 0 _aTyre care and safety
260 _bInternational Conference and Exhibition on Rubber and Allied Materials Asia Rub Tech Expo 2002. 28-30 November 2002, New Delhi. pp.288-290.
650 _aTyre care
650 _aTyre safety
650 _aTyre wear
700 _aMukhopadhyay R
942 _cJS
999 _c71637
_d71637